| 000 -LEADER |
| fixed length control field |
00707cam a2200229 a 4500 |
| 001 - CONTROL NUMBER |
| control field |
3342894 |
| 005 - DATE AND TIME OF LATEST TRANSACTION |
| control field |
20180125082047.0 |
| 008 - FIXED-LENGTH DATA ELEMENTS--GENERAL INFORMATION |
| fixed length control field |
851002m19009999gw a b 001 0 eng |
| 010 ## - LIBRARY OF CONGRESS CONTROL NUMBER |
| LC control number |
85211846 |
| 020 ## - INTERNATIONAL STANDARD BOOK NUMBER |
| International Standard Book Number |
0387912592 (v. l : U.S.) |
| 040 ## - CATALOGING SOURCE |
| Original cataloging agency |
DLC |
| Transcribing agency |
DLC |
| Modifying agency |
DLC |
| -- |
OCoLC |
| -- |
DLC |
| 041 1# - LANGUAGE CODE |
| Language code of text/sound track or separate title |
engger |
| 080 ## - UNIVERSAL DECIMAL CLASSIFICATION NUMBER |
| Universal Decimal Classification number |
636.0891 jam |
| 082 00 - DEWEY DECIMAL CLASSIFICATION NUMBER |
| Classification number |
636.0891 jam |
| Edition number |
19 |
| 100 1# - Rafti |
| Rafti |
6 |
| 101 ## - Shkurtesa |
| Shkurtesa |
ana |
| 240 10 - UNIFORM TITLE |
| Uniform title |
<a href="Lehrbuch der Anatomie der Haustiere.">Lehrbuch der Anatomie der Haustiere.</a> |
| Language of a work |
English |
| 245 14 - TITLE STATEMENT |
| Title |
The anatomy of the domestic animals / |
| Statement of responsibility, etc |
founded by Richard Nickel, August Schummer, and Eugen Seiferle. |
| 504 ## - BIBLIOGRAPHY, ETC. NOTE |
| Bibliography, etc |
Includes bibliographies and indexes. |
| 906 ## - LOCAL DATA ELEMENT F, LDF (RLIN) |
| a |
7 |
| b |
cbc |
| c |
orignew |
| d |
2 |
| e |
ncip |
| f |
19 |
| g |
y-gencatlg |
| 942 ## - ADDED ENTRY ELEMENTS (KOHA) |
| Source of classification or shelving scheme |
|
| Item type |
Books |